000 01397nam a2200265 i 4500
001 175487
003 ES-MaACL
005 20250820063053.0
007 t|
008 101029s1999 sp a r ||||1| spa d
020 _a84-87914-37-3
080 _a821.134.2 Cervantes Saavedra, Miguel de .09
080 _a821.134.2 Diego, Gerardo .09
100 1 _aBernal, José Luis,
_d1959-
_9149323
245 1 3 _aLa del alba sería_ la poesía
_b: (Miguel de Cervantes y Gerardo Diego) /
_c[José Luis Bernal].
260 _a[Alcalá de Henares] :
_bConcejalía de Cultura, Relaciones Institucionales, Universidad y Patrimonio HIstórico-Artístico,
_cD. L. 1999.
300 _a46 p. :
_bil. ;
_c21 cm.
500 _a"Edición conmemorativa de la imposición del nombre "Sala Gerardo Diego" al salón de actos del edificio central del Servicio Municipal de Archivos y Bibliotecas en su primer centenario, acto que tuvo lugar el día 30 de enero de 1998". p. 5.
600 1 4 _aCervantes Saavedra, Miguel de,
_d1547-1616-
_xCrítica e interpretación
_937602
600 1 4 _aDiego, Gerardo,
_d1896-1987-
_xCrítica e interpretación
_944547
700 1 _aBernal, José Luis,
_d1959-
_9149323
710 1 _aAlcalá de Henares.
_bConcejalía de Cultura, Relaciones Institucionales, Universidad y Patrimonio Histórico-Artístico.
_9143806
852 _aES-MaACL
_j2263-F-13
999 _c175487
_d175487